マリオギャラクシー2 ギャラクシー一覧クイズ - Statistics

General Stats
  • This quiz has been taken 24 times
  • The average score is 20 of 49
Answer Stats
ワールド 答え 補足 % Correct
1 空島ギャラクシー
79%
1 ヨースターギャラクシー
79%
2 かくざいもくざいギャラクシー
71%
6 クッパの新銀河帝国 グランドスター
71%
Special チャンピオンシップギャラクシー 特殊解放(パワースター・グリーンスター全回収)
71%
1 レッドブルーパネルギャラクシー はらぺこチコ
64%
2 クッパの溶岩帝国 グランドスター
64%
6 なつかしの砦ギャラクシー
64%
2 はるかなる大滝ギャラクシー
57%
3 クラウドガーデンギャラクシー
57%
4 クッパの重力帝国 グランドスター
57%
Special キングオブキングスギャラクシー
57%
1 もくもくけいこくギャラクシー
50%
3 チカチカブロックギャラクシー はらぺこチコ
50%
4 でっかでっかギャラクシー
50%
5 はちゃめちゃ引力ギャラクシー
50%
6 マグマモンスターギャラクシー
50%
1 あべこべ引力ギャラクシー
43%
3 ゴーストコンベアギャラクシー
43%
4 ハニービービレッジギャラクシー
43%
Special レッドブルーブロックギャラクシー はらぺこチコ
43%
2 ゴロ岩ゴロゴロギャラクシー
36%
4 オモテウランドギャラクシー
36%
4 ワンワンファクトリーギャラクシー
36%
5 イナズマの雲海ギャラクシー
36%
5 チャレンジグライダーギャラクシー はらぺこチコ
36%
6 こだいの遺跡ギャラクシー
36%
6 バトルアステロイドギャラクシー
36%
6 フラッシュブラックギャラクシー はらぺこチコ
36%
Special ひみつのアスレチックギャラクシー
36%
1 ほりほり鉱山ギャラクシー
29%
2 星の入り江ギャラクシー
29%
3 ホワイトスノーギャラクシー
29%
4 スイーツミステリーギャラクシー はらぺこチコ
29%
5 かちこち溶岩ギャラクシー
29%
5 おばけの迷宮ギャラクシー
29%
6 地の底の洞窟ギャラクシー
29%
Special タマコロスライダーギャラクシー
29%
Special マッドストーンギャラクシー
29%
2 フラワーヘブンギャラクシー はらぺこチコ
21%
3 タマコロプラネットギャラクシー
21%
4 スカイビーチギャラクシー
21%
5 流れる星砂ギャラクシー
21%
Special マリオンマリオギャラクシー
21%
3 クッパJr.の戦艦の港 グランドスター
21%
5 クッパJr.の大砲の城 グランドスター
21%
2 ジャングルライダーギャラクシー
14%
1 クッパJr.の空飛ぶ砦 グランドスター
14%
3 ビックツリーギャラクシー
7%
No matching quizzes found
Score Distribution
Percent of People with Each Score
Percentile by Number Answered
Your Score History
You have not taken this quiz